| 000 | 00467nam a22001457a 4500 | ||
|---|---|---|---|
| 082 |
_a620.11095491 _bMAN |
||
| 100 |
_aSAMPAK International pvt ltd _947210 |
||
| 245 |
_aManual for materials quarries in Pakistan _cSAMPAK International pvt ltd |
||
| 260 |
_aLahore _bSAMPAK International pvt ltd |
||
| 300 |
_aix, 541:p _bVolume 4 |
||
| 526 |
_a0 _b0 _c0 _d620_110954910000000_MAN |
||
| 526 |
_a0 _b0 _c0 _d620_110954910000000_MAN |
||
| 650 |
_aMCE _9379 |
||
| 942 |
_2ddc _cBK |
||
| 999 |
_c550522 _d550522 |
||